1406 1662 1950 1627 1344 1512 1686 1114 1595 1342 1673 1440 1466 1410 1779 1158 1586 1072 1603 1772 1088 1435 1652 1983 1147 1298 1792 1157 1607 1101 1233 1571 1078 1354 1342 1629 1409 1205 1613 1307 1512 1581 1345 1562 1304 1338 1923 1356 1553 1682 1835 1325 1374 1304 1718 1749 1218 1534 1066 1515 1760 1909 1762 1682 1975 1209 1675 1052 1065 1037 1969 1013 1115 1749 1644 1553 1116 1085 1726 1192 1132 1509 1936 1857 1919 1784 1681 1073 1346 1979 1086 1394 1994 1080 1246 1420 1673 1185 1491 BCNSPRNW ULIB Ver.6.0+V

เปลี่ยนเป็นภาษาไทย

Change to English
 แสดงรายละเอียดบรรณานุกรม
  กลับหน้าหลัก

Brief Record : Get Marc (ISO 2709) : E-mail record : QR code < ปิดหน้าต่าง
LEADER : 00000nam 2200000uu 4500
001    13399112549
003     ULIB
008    110824s2554||||th 000 0 tha d
020    9786165020749
090    นว.^bจ195 2554
100 0  จอมจินดา
245 00 พรหมพยศกบฎหัวใจ/^cจอมจินดา
250    พิมพ์ครั้งที่ 1
260    กรุงเทพฯ :^bSubar Beat,^c2554
300    327 หน้า
945    ^p220^l0^i18518
995    กัณชพร
999    ^aใช้งานได้ทุกระบบ
รายการนี้ยังไม่มีแท็ก
คุณยังไม่ได้ล็อกอิน คุณสามารถมีกิจกรรมร่วมกับเว็บไซต์ได้ แต่ต้องล็อกอินก่อน ::
  ล็อกอิน

รายการสื่อสารสนเทศ

ลำดับที่ ประเภท เลขเรียก/บาร์โค้ด สถานที่ สถานะ
1. นวนิยาย
นวนิยาย
นว. จ195 2554  
  Barcode: 18518
ห้องสมุดวิทยาเขตสวรรค์ประชารักษ์
►นวนิยาย
บนชั้น
  ขอยืม

รายการใกล้เคียง
    ผู้แต่ง [จอมจินดา]

BibComment


ยังไม่เคยถูกคอมเมนท์

คอมเมนท์ทรัพยากรรายการนี้
  คอมเมนท์: พรหมพยศกบฎหัวใจ จ..


 Copyright 2026. Bcnsprnw @Library